00480nam a2200181 a 4500001001300000003000900013005001700022008004100039020002300080082001300103100001900116245003800135260003900173300000900212500003500221650002300256700001900279nice12345678IN_TiNIC20260116014344.0100119s2006 chaa grp 000 0 eng  a9798185733912c79500a820bGWY aGwynn, Stephen aThe Masters of English Literature aChandigarh bAbhishek Pubs. c2006 a375p aincludes index and biblioraphy aEnglish-Literature1 aGwynn, Stephen